El hacedor
Saved in:
| Hovedforfatter: | |
|---|---|
| Format: | Bog |
| Sprog: | spansk |
| Udgivet: |
Madrid
Alianza
1972
Madrid Emecé 1972 |
| Serier: | Sección Literatura
|
| Fag: | |
| Tags: |
Tilføj Tag
Ingen Tags, Vær først til at tagge denne postø!
|
MARC
| LEADER | 00000nam a2200000 a 4500 | ||
|---|---|---|---|
| 001 | UCQ2009 | ||
| 003 | CL-VaPUC | ||
| 008 | 980721e19720000SP |||||||||||||||||spa|d | ||
| 082 | 0 | 4 | |a Ar862 |b BOR |2 21 |
| 100 | |a Borges, Jorge Luis |e autor |9 322093 | ||
| 245 | 1 | 3 | |a El hacedor |
| 300 | |a 158 p | ||
| 942 | |c BK | ||
| 945 | |d 19980721 00:00:00 |a lriquelm | ||
| 260 | |a Madrid |b Alianza |c 1972 | ||
| 260 | |a Madrid |b Emecé |c 1972 | ||
| 650 | 0 | |a Poesía argentina |9 265575 | |
| 650 | 0 | |a Literatura argentina |9 320596 | |
| 583 | |a last modification |c 20130421 11:46:06 |k Rodrigo Vera | ||
| 490 | 0 | |a Sección Literatura | |
| 999 | |c 272852 |d 272850 | ||
| 952 | |0 0 |1 0 |4 0 |6 AR_862_000000000000000_BOR_1972_1972 |7 0 |8 A |9 308046 |a BIBEDU |b BIBEDU |d 2019-11-20 |i 1440357 |l 1 |o Ar862 BOR 1972 1972 |p 1440357 |r 2023-06-20 |s 2023-06-14 |w 2019-11-20 |y BK |k LIT | ||